<?xml version="1.0" encoding="UTF-8"?>
<record
    xmlns:xsi="http://www.w3.org/2001/XMLSchema-instance"
    xsi:schemaLocation="http://www.loc.gov/MARC21/slim http://www.loc.gov/standards/marcxml/schema/MARC21slim.xsd"
    xmlns="http://www.loc.gov/MARC21/slim">

  <leader>01353nab a22002057a 4500</leader>
  <datafield tag="999" ind1=" " ind2=" ">
    <subfield code="c">5805</subfield>
    <subfield code="d">5805</subfield>
  </datafield>
  <controlfield tag="003">OSt</controlfield>
  <controlfield tag="005">20260106211752.0</controlfield>
  <controlfield tag="008">190514b        xxu||||| |||| 00| 0 spa d</controlfield>
  <datafield tag="040" ind1=" " ind2=" ">
    <subfield code="c">PJ</subfield>
  </datafield>
  <datafield tag="100" ind1=" " ind2=" ">
    <subfield code="9">6715</subfield>
    <subfield code="a">Closs Saracho, Erhard Otto Oscar</subfield>
  </datafield>
  <datafield tag="245" ind1="1" ind2="3">
    <subfield code="a">La autodeterminaci&#xF3;n de la persona con discapacidad y la operatividad de los sistemas de apoyos :</subfield>
    <subfield code="b">hacia una implementaci&#xF3;n efectiva /</subfield>
    <subfield code="c">Erhard Otto Oscar Closs Saracho, Mar&#xED;a Laura Alonso.</subfield>
  </datafield>
  <datafield tag="300" ind1=" " ind2=" ">
    <subfield code="a">p. 175-184</subfield>
  </datafield>
  <datafield tag="505" ind1=" " ind2=" ">
    <subfield code="a">Sumario: I. Importancia del tema.&#x2014; II. Del viejo sistema de sustituci&#xF3;n de la capacidad.&#x2014; III. Hacia el nuevo paradigma de toma de decisiones asistida.&#x2014; IV. Los sistemas de apoyo para la toma de decisiones.&#x2014; V. Designaci&#xF3;n aut&#xF3;noma de apoyos en nuestro ordenamiento interno.&#x2014; VI. El deber del Estado en la conformaci&#xF3;n de los sistemas de apoyo. Su regulaci&#xF3;n y la experiencia en la provincia de Neuqu&#xE9;n.&#x2014; VII. El rol del Ministerio P&#xFA;blico en el contralor del sistema de apoyo.&#x2014; VIII. Reflexiones finales.</subfield>
  </datafield>
  <datafield tag="505" ind1=" " ind2=" ">
    <subfield code="t">Si te interesa el texto, comunicate a koha@justierradelfuego.gov.ar</subfield>
  </datafield>
  <datafield tag="650" ind1=" " ind2="0">
    <subfield code="9">967</subfield>
    <subfield code="a">DERECHO DE FAMILIA</subfield>
  </datafield>
  <datafield tag="650" ind1=" " ind2="0">
    <subfield code="9">2342</subfield>
    <subfield code="a">CAPACIDAD</subfield>
  </datafield>
  <datafield tag="650" ind1=" " ind2="0">
    <subfield code="9">3271</subfield>
    <subfield code="a">PERSONAS CON DISCAPACIDAD</subfield>
  </datafield>
  <datafield tag="773" ind1="0" ind2=" ">
    <subfield code="0">2844</subfield>
    <subfield code="9">3222</subfield>
    <subfield code="d">Buenos Aires : AbeledoPerrot, 1989-</subfield>
    <subfield code="t">Derecho de familia. N&#xB0; 116 - Septiembre 2024</subfield>
    <subfield code="z">18511201</subfield>
  </datafield>
  <datafield tag="942" ind1=" " ind2=" ">
    <subfield code="2">udc</subfield>
    <subfield code="c">ANA</subfield>
  </datafield>
</record>
